Statistics for Firsts in OvO

Click here to take the quiz!

General Stats

  • This quiz has been taken 7 times
  • The average score is 13 of 15

Answer Stats

ThingLevel% Correct
Character1
100%
Coin1
100%
Introduce Jump1
100%
Mechanics15
100%
Smashing2
100%
Introduce Wall Jump3
100%
Introduce Slide4
100%
Introduce Dive4
100%
Spikes5
100%
Jumper6
100%
Sliding Down Wall17
75%
Moving Platform29
50%
Rockets33
50%
Portals41
50%
Meltrix50
50%

Score Distribution

Percentile by Number Answered

Percent of People with Each Score

Your Score History

You have not taken this quiz